| 000 | 00000nam##2200000za#4500 |
| 001 | 9.640946 |
| 003 | CaOODSP |
| 005 | 20210624222921 |
| 007 | cr ||||||||||| |
| 008 | 150407|1994||||xxc|||||o f|0| 0 fre|d |
| 040 | |aCaOODSP|bfre |
| 043 | |an-cn--- |
| 086 | 1 |aH68-34/1994F-PDF |
| 110 | 1 |aCanada.|bConseil national du bien-être social. |
| 245 | 10|a[Documents de travail sur la sécurité sociale] |h[ressource électronique] |
| 260 | |aOttawa - Ontario : |bConseil national du bien-être social |c[1994]. |
| 300 | |a56p.|bfigures, graphiques, tableaux |
| 500 | |aN° 1. Premières réflexions sur la réforme des programmes sociaux : l'assurance-chômage et l'assistance sociale -- N° 2. Qui sont les bénéficiaires de l'assistance sociale? -- N° 3. Le soutien du revenu pour les familles avec les enfants -- N° 4. Les programmes d'emploi et l'assistance sociale -- N° 5. L'assistance sociale et les autres programmes de soutien du revenu. |
| 590 | |a12-41-Supp|b2012-11-07 |
| 691 | 07|aSécurité sociale|2gcpds |
| 775 | 08|t[Social security backgrounders] |w(CaOODSP)9.696862 |
| 856 | 40|ahttp://publications.gc.ca|qPDF|s2.60 Mo|uhttps://publications.gc.ca/collections/collection_2012/cnb-ncw/H68-34-1994-fra.pdf |